| 000 | 00805nas a2200277 4500 | ||
|---|---|---|---|
| 001 | BR9207060 | ||
| 003 | BR-BrBNA | ||
| 005 | 20231205100451.0 | ||
| 007 | ta | ||
| 008 | 230509b bl.|||p| |||| 00| 00por d | ||
| 040 |
_aBR-BrBNA _bpor _cBiblioteca Nacional de Agricultura |
||
| 041 | _a(Pt) | ||
| 072 | _aL73 | ||
| 100 | 1 | _aMiranda, A.H. de | |
| 100 | 1 | _aChaves, N.S.T. | |
| 100 | 1 | _aFleury, L.F.F. | |
| 100 | 1 | _aCosta, R.R. da | |
| 245 | 1 | _aFicomicose em bovino - relato de um caso | |
| 650 | _aGado Gir | ||
| 650 | _aFicomicose | ||
| 650 | _aFungo | ||
| 650 | _aDoenca Animal | ||
| 773 | 0 |
_tAnais da Escola Superior de Agricultura Luiz de Queiroz (Brazil) _xISSN 0071-1276 _g(Jan-Dec 1988), v. 18(1) p. 1-4 _wBR9207060 |
|
| 909 |
_a202311 _bLúcia _c55 _dLúcia Elande |
||
| 942 |
_2AGRIS _n0 _cANA |
||
| 999 |
_c156196 _d156196 |
||